000 00936nam a22002897a 4500
001 9020
003 FISKH
005 20251114103707.0
008 251114b cb ||||| |||| 00| 0 eng d
020 _a9780141363936
040 _aFISKH
_beng
_cFISKH
_dFISKH
050 _aPZ7.R4829
082 _a813.6
100 _aRiordan, Rick
245 _aThe hidden oracle /
_cBy Rick Riordan
260 _aLondon :
_bPuffin Books ,
_c2009, 2016.
300 _a417​ pages :
_billustrations ;
_c23 cm .
490 _aThe trails of Apollo
_v1
505 _aR
520 _aAfter angering his father Zeus, the god Apollo is cast down from Olympus. He must learn to survive in the modern world until he can somehow find a way to regain Zeus's favor.
521 8 _a780
_bLexile
521 8 _aR
_bRaz-Plus
650 _aMiddle grade
_vFiction
650 _aMythology
_vFiction
942 _2ddc
_cBK
_n0
999 _c9020
_d9020